| 000 | 00404nam a22001577a 4500 | ||
|---|---|---|---|
| 003 | OSt | ||
| 005 | 20240404121932.0 | ||
| 008 | 240404b |||||||| |||| 00| 0 eng d | ||
| 040 | _cCentral Library MRSPTU | ||
| 100 | _aRaj Paul Singh | ||
| 245 |
_aMitti Ton Manukh Tak _bA Book on Evolution |
||
| 250 | _a2nd | ||
| 260 |
_aLudhiana _bTarksheel Society Punjab _c1995 |
||
| 300 | _a131 | ||
| 942 |
_2ddc _cBK _n0 |
||
| 999 |
_c9993 _d9993 |
||